000 00793nam a2200205 a 4500
005 20210219160409.0
008 081103s1981 mx r 000 0 spa d
035 _aUPN01000164795
049 _aUNE
080 _a372.3 (-77) =20 SHA No.62.
100 1 _aShane, Harold G.
245 1 4 _aThe Renaissance of early childhood education :
_bthe American experience as a basis for comparison with today's conditions in developing countries /
_cby Harold G. Shane.
260 _aParís :
_bUNESCO ;
_aNew York :
_bUNICEF,
_c1981.
300 _a5 p.
440 0 _aNotes, comments... ;
_v62
690 _aEducacion preescolar - Primera infancia - Paises en desarrollo
690 _aNiños de edad preescolar - Paises en desarrollo
710 2 _aPrograma de Alimentación Mundial
905 _aUNESCO
999 _c136907
_d136907